000 00262nam a2200109Ia 4500
008 220204s9999 xx 000 0 und d
082 _a061
_bGOV
100 _aGovindarajulu, I K
245 0 _aPerfect physical fitness
260 _aBombay
_bIBH
_c1974
942 _cBK
999 _c29081
_d29081